15 principales países con muertes de Covid-19 - 1 agosto - Estadísticas

Estadísticas generales
  • Esta prueba ha sido intentada 5 veces
  • La puntuación promedio es 13 de 20
Estadísticas de respuestas
país % Correcto
España
100%
Italia
100%
Alemania
80%
Brasil
80%
Chile
80%
Estados Unidos
80%
Irán
80%
México
80%
Colombia
60%
Ecuador
60%
Francia
60%
India
60%
Perú
60%
Reino Unido
60%
Rusia
60%
Suecia
60%
Irlanda
40%
Panamá
40%
Bélgica
20%
Países Bajos
20%
No se encontraron pruebas coincidentes
Distribución de puntuación
Porcentaje de gente con cada puntuación
Porcentaje por número respondido
Historial de tus puntuaciones
No has intentado esta prueba.